Chemistry of Carbon Compounds (Record no. 46113)

MARC details
000 -LEADER
fixed length control field 00298nam a22001337a 4500
003 - CONTROL NUMBER IDENTIFIER
control field OSt
008 - FIXED-LENGTH DATA ELEMENTS--GENERAL INFORMATION
fixed length control field 241003b |||||||| |||| 00| 0 eng d
082 ## - DEWEY DECIMAL CLASSIFICATION NUMBER
Classification number 547
Item number C47R
100 ## - MAIN ENTRY--PERSONAL NAME
Personal name Coffey,S.
245 ## - TITLE STATEMENT
Title Chemistry of Carbon Compounds
260 ## - PUBLICATION, DISTRIBUTION, ETC. (IMPRINT)
Place of publication, distribution, etc Elsevier
Date of publication, distribution, etc 1965
300 ## - PHYSICAL DESCRIPTION
Extent 418
942 ## - ADDED ENTRY ELEMENTS (KOHA)
Source of classification or shelving scheme
Koha item type Periodicals
Holdings
Withdrawn status Lost status Source of classification or shelving scheme Damaged status Not for loan Home library Current library Date acquired Total Checkouts Full call number Date last seen Bill Date Koha item type
          Dr. Rajendra Prasad Central Agricultural University Pusa, Dr. Rajendra Prasad Central Agricultural University Pusa, 03/10/2024   547 C47R 03/10/2024 03/10/2024 Periodicals
Hosted, Implemented, Customized & Maintained by: BestBookBuddies

Powered by Koha